[Event "18th Bangkok Open 2018"]
[Site "Bangkok"]
[Date "2018.04.14"]
[Round "2"]
[White "Phadke Sohan"]
[Black "Swapnil, S. Dhopade"]
[Result "1-0"]
[WhiteElo "2150"]
[BlackElo "2526"]
[Annotator "TA"]
[PlyCount "75"]
[EventDate "2018.??.??"]
[EventType "swiss"]
[EventCountry "THA"]
[SourceTitle "playchess.com"]
[Source "ChessBase"]
[SourceQuality "1"]

{[%evp 15,75,-7,13,13,41,34,70,74,90,81,124,110,82,116,116,104,99,13,110,104,155,148,149,145,174,157,241,194,250,129,277,277,394,390,405,414,475,475,459,445,425,406,391,345,553,561,528,347,936,822,1229,1110,1034,987,2178,2077,5493,5485,29992,29993,29994,29995]} 1. d4 Nf6 2. Bg5 d5 3. e3 c5 4. Bxf6 gxf6 5. Nc3 Nc6 6. Qh5 e6 {D01: Veresov Opening} 7. O-O-O cxd4 8. exd4 f5 {LiveBook: 5 Games. The position is equal.} (8... Bb4 9. Nge2 Bd7 10. h4 Qe7 11. a3 Ba5 12. Rh3 O-O-O 13. Re3 {½-½ (39) Rapport,R (2707)-Vachier Lagrave,M (2789) Riadh 2017}) 9. Bb5 $146 ({Predecessor:} 9. f4 Bd7 10. Nf3 Qf6 11. Ne5 Nxe5 12. dxe5 Qe7 13. Bb5 Bc6 14. Rd3 {0-1 (37) Bocharov,D (2602)-Yuffa,D (2373) Taganrog 2014}) 9... Qf6 10. Qe2 Bh6+ 11. Kb1 O-O 12. Nf3 Bg7 13. h3 a6 14. Bxc6 $1 bxc6 15. Na4 Qe7 16. Nc5 (16. g4 $16) 16... f6 (16... e5 $1 $11 {remains equal.}) 17. Nh4 $36 {[%mdl 2048] Nxf5! is the strong threat. White is on the roll.} Qf7 (17... Qd6 $142) 18. f4 $16 e5 19. g4 ({Inferior is} 19. fxe5 fxe5 20. dxe5 Qe7 $11) (19. dxe5 Qe7 $11) 19... fxg4 20. hxg4 exd4 (20... exf4 $16 {keeps fighting.} 21. Nf5 Re8) 21. Rde1 Bd7 (21... Qa7 $142) 22. Nf5 (22. Qd3 $18) 22... Bxf5 (22... Rfe8 $16 23. Ne7+ Rxe7 24. Qxe7 Bxg4) 23. gxf5 $18 Rfe8 (23... Rfb8 $142 24. Ne6 Bf8 25. Nxd4 Kh8) 24. Ne6 Bf8 25. Qf2 (25. Reg1+ Kh8 $18) 25... Kh8 26. Qxd4 Ra7 27. Re2 {[%cal Be1e2,Be2d2,Bd2d8,Bd8d5,Bd5h5,Bh5h7][%mdl 32]} c5 28. Qxd5 Qb7 29. Qd1 Rb8 $2 {[#]} (29... Qf3 {was called for.} 30. Nd4 Qa8) 30. b3 Qf3 31. Rd2 Qe4 $2 (31... Qxd1+ 32. Rhxd1 Be7) 32. Re1 Qxf5 33. Rd8 Raa8 34. Rd5 ({Weaker is} 34. Rxf8+ Rxf8 35. Nxf8 Rxf8 $18) 34... Qh3 35. Rh5 Qg2 36. Qd7 {[%csl Gh5][%cal Rd7h7] [#]} Qg6 37. Reh1 Kg8 38. Rxh7 {Precision: White = 73%, Black = 18%.} 1-0

[Event "18th Bangkok Open 2018"]
[Site "Bangkok"]
[Date "2018.04.14"]
[Round "2"]
[White "Siddharth, Jagadeesh"]
[Black "Lorparizangeneh, Shahin"]
[Result "0-1"]
[WhiteElo "2137"]
[BlackElo "2508"]
[Annotator "TA"]
[PlyCount "76"]
[EventDate "2018.??.??"]
[EventType "swiss"]
[EventCountry "THA"]
[SourceTitle "playchess.com"]
[Source "ChessBase"]
[SourceQuality "1"]

{[%evp 16,76,0,-14,0,0,0,-13,-1,-22,0,0,0,-18,-20,-31,-35,-38,-30,-85,-85,-117,-109,-127,-120,-118,-117,-193,-187,-231,-251,-368,-370,-366,-374,-470,-352,-397,-377,-333,-324,-424,-429,-417,-412,-468,-459,-506,-456,-807,-433,-1366,-1379,-1523,-1498,-29976,-29976,-29968,-6135,-29976,-29977,-29995,-29996]} 1. d4 d5 2. c4 c6 3. Nf3 Nf6 4. g3 dxc4 5. Bg2 g6 6. O-O {D11: Slav Defence: 3 Nf3 sidelines and 3...Nf6 4 e3 Bg4} Bg7 7. a4 Ne4 (7... Na6 8. Na3 Be6 9. Ng5 Qd7 10. Nxe6 Qxe6 11. e3 Ne4 12. Qc2 Nd6 13. Bd2 O-O 14. Rac1 {1-0 (43) Dubov,D (2701)-Volokitin,A (2639) Batumi 2018}) 8. Qc2 Nd6 9. Bf4 {LiveBook: 3 Games} Bf5 10. Qc1 O-O $146 ({Predecessor:} 10... Na6 11. Na3 O-O 12. Bh6 Bxh6 13. Qxh6 f6 14. Qc1 {0-1 (39) Vignesh,N (2365)-Kovchan,A (2576) Dubai 2015}) 11. Na3 Be4 12. Rd1 Na6 13. Nxc4 Nb4 14. Nxd6 exd6 15. Ne1 Bxg2 16. Nxg2 Re8 17. Qd2 (17. Bd2 $11 Nd5 18. e3) 17... a5 $17 18. Re1 Re4 19. Be3 Qb6 20. d5 c5 21. f3 {[#]} (21. Red1 $17) 21... Re5 $1 $19 22. Rad1 Rae8 {White must now prevent ...Rxe3!} ({And not} 22... Nxd5 23. Bf2 $11) 23. Bf4 (23. Kf1 $142) 23... Rxd5 24. Qc1 Rxd1 25. Rxd1 d5 {[%cal Bd6d5,Bd5d4][%mdl 32]} 26. Qd2 d4 27. Rc1 Qc6 28. Ne1 b6 29. Nd3 Qxa4 30. Nf2 Qb3 31. Ne4 Nd5 32. Bh6 (32. Qd3 $142 Qxd3 33. exd3) 32... f5 33. Nd6 (33. Bxg7 $142 fxe4 34. fxe4) 33... Bxh6 34. Qxh6 Rxe2 35. Nxf5 gxf5 36. Qg5+ Kf7 37. Qxf5+ Nf6 38. Qd7+ Nxd7 {Precision: White = 18%, Black = 71%.} 0-1

[Event "18th Bangkok Open 2018"]
[Site "Bangkok"]
[Date "2018.04.14"]
[Round "2"]
[White "Kienitz, Andre"]
[Black "Ly, Moulthun"]
[Result "0-1"]
[WhiteElo "2125"]
[BlackElo "2498"]
[Annotator "TA"]
[PlyCount "62"]
[EventDate "2018.??.??"]
[EventType "swiss"]
[EventCountry "THA"]
[SourceTitle "playchess.com"]
[Source "ChessBase"]
[SourceQuality "1"]

{[%evp 22,62,54,59,92,79,65,50,48,21,27,14,19,-42,-29,-44,0,0,0,-50,-36,-15,-24,-70,0,-55,-60,-57,-23,-30,-33,-114,-102,-192,-199,-277,-259,-271,-259,-415,-398,-367,-362]} 1. e4 Nf6 2. e5 Nd5 3. d4 d6 4. Nf3 Bg4 {[%cal Bc8g4,Bg4h5,Bh5g6][%mdl 32]} 5. Be2 e6 6. h3 Bh5 7. c4 Nb6 8. Nc3 {B05: Alekhine's Defence: 4 Nf3 Bg4} Be7 9. exd6 cxd6 10. d5 e5 11. g4 Bg6 12. h4 {[%cal Bh3h4,Bh4h5][%mdl 32] LiveBook: 33 Games} h6 (12... h5 13. gxh5 Bxh5 14. c5 N6d7 15. cxd6 Bxd6 16. Ng5 Nf6 17. Bxh5 Nxh5 18. Qf3 Nf4 19. Bxf4 exf4 20. O-O-O Nd7 21. Rhe1+ Kf8 22. Ne6+ {1-0 (22) Robson,R (2680)-Yermolinsky,A (2515) Saint Louis 2015}) 13. h5 Bh7 14. Be3 Na6 $146 ({Find the theoretical novelty and annotate with similar games:} 14... N8d7 15. Bd3 e4 16. Bxe4 Bxe4 17. Bxb6 Bxf3 18. Bxd8 Bxd1 19. Bxe7 {1-0 (51) Polschikov,A (2362)-Dolezal,J (1956) Pardubice 2010}) 15. Bd3 Bxd3 16. Qxd3 Qc8 $1 {[%cal Rc8g4]} 17. Bxb6 (17. b3 $11) 17... axb6 $15 18. Rg1 $1 O-O 19. g5 Nb4 20. Qe2 {With the idea gxh6.} (20. Qe4 $5 {[%cal Rg5h6]}) 20... Qf5 $36 {[%mdl 2048] Black is pushing.} 21. Ne4 {Black must now prevent gxh6.} hxg5 22. Nfxg5 Nxa2 (22... Qf4 $15) 23. Qf3 ({White should play} 23. Rd1 $1 $11) 23... Qxf3 24. Nxf3 Nb4 25. Rxa8 Rxa8 26. Kd2 {[#]} (26. Ke2 $15) 26... b5 $1 {[%mdl 512]} 27. Kc3 (27. Ng3 $17 {might work better.}) (27. cxb5 Nxd5) 27... Na2+ $19 28. Kb3 (28. Kc2 {was necessary.} bxc4 29. Kb1) 28... bxc4+ 29. Kxc4 {next Kb3 is good for White.} Ra4+ 30. Kb3 $2 {[#]} (30. Kd3 {is the only way for White.}) 30... Rxe4 31. Kxa2 Rf4 {Precision: White = 37%, Black = 88%.} 0-1